000 01157nam a2200397 a 4500
003 AR-BaBNM
005 20251128204523.0
008 082120s2002 ||||||||||||||000 | spa||
020 _a84-86690-13-7
040 _cAR-BaBNM
245 0 0 _aLaboratorio I
260 _aMadrid
_bEductrade
_c1989
300 _a100 p.
_bil.
490 0 _aProyecto URI: utilizacion de recursos instrumentales
500 _aEl texto está presentado en forma de carpeta de fichas
500 _aLos datos correspondientes a los autores han sido extraídos de la contraportada
650 4 _aLABORATORIOS
650 4 _aEQUIPO DE LABORATORIO
650 4 _aLABORATORIOS ESCOLARES
650 4 _aFISICA
650 4 _aQUIMICA
650 4 _aMECANICA
650 4 _aELECTRICIDAD
650 4 _aOPTICA
650 4 _aBIOLOGIA
650 4 _aGEOLOGIA
700 1 _aMontes Alonso, Paloma
700 1 _aGarrote Flores, Ricardo
700 1 _aPalacios Gómez, Carlos
700 1 _aLópez Rupérez, Francisco
700 1 _aMartín Soriano, Ana María
700 1 _aMoreno Camacho, Angel
700 1 _aCases Sierra, Enrique
_eeditor
942 _cBK
998 _cMarce
999 _c7752
_d7752